Random Logo Quiz - Statistics

General Stats
  • This quiz has been taken 319 times
    294 since last reset
  • The average score is 36 of 60
Answer Stats
Picture Answer % Correct
Pringles
95%
Wikipedia
90%
Burger King
86%
Amazon
85%
Ford
84%
McDonald's
83%
Minecraft
83%
Nissan
83%
Playboy
81%
Apple
80%
Nike
80%
Nintendo
80%
Facebook
78%
Netflix
78%
Chick-Fil-A
77%
Hulu
77%
Samsung
77%
BMW
75%
Coca-Cola
75%
Nickelodeon
75%
Pepsi
75%
Subway
75%
Fanta
74%
IKEA
72%
KFC
71%
Warner Bros
69%
Cars
67%
Nestle
67%
Android
66%
Jif
66%
eBay
64%
Finding Nemo
64%
Moana
63%
Target
62%
Breaking Bad
60%
JetPunk
60%
Roblox
54%
Sega
54%
American Airlines
53%
BP
53%
The Rolling Stones
53%
NBC
52%
AriZona
48%
Big Boy
47%
The Godfather
47%
Yamaha
42%
Nintendo 64
41%
SEAT
36%
Qantas
35%
Fortnite
34%
Beats by Dr Dre
30%
Ms. Pac Man
30%
Xerox
29%
Lufthansa
27%
Republican Party
23%
Skoda Auto
23%
Korean Air
16%
KLM
14%
Grateful Dead
13%
Kangol
13%
No matching quizzes found
Score Distribution
Percent of People with Each Score
Percentile by Number Answered
Your Score History
You have not taken this quiz since the last reset